Datum a čas kvízu
27
Celkem bodů
Celkový počet nahraných bodů na tomto kvízu bez doplňovacích otázek.
7.
Pořadí na kvízu
Konečné umístění týmu na tomto kvízu.
Zaznamenané odpovědi
| # | Otázka | Odpověď | Body | Výsledky |
|---|---|---|---|---|
| 1. | Šedesátiletý podnikatel, obžal... | Antonio Koláček | 0 | |
| 2. | Minulý čtvrtek jsme se dozvědě... | Grónsko | 1 | |
| 3. | Minulý týden se v Kyjově uskut... | Slovácký rok | 0 | |
| 4. | Po sedmi letech byla sesazena... | Microsoft | 0 | |
| 5. | Česká tenistka, dvojnásobná gr... | Sestini Hlaváčková | 0 | |
| 6. | Téma o slavných zločincích jst... | Parkerová, Barrow | 0 | |
| 7. | Ve kterém roce došlo k nechval... | v roce 2005 | 1 | |
| 8. | Za co přesně byl Al Capone, je... | za krácení daně | 1 | |
| 9. | V roce 2007 došlo u nás k tzv.... | D) 540 miliónů Kč | 1 | |
| 10. | Do historie nejednou zasáhli a... | 1B 2C 3A 4D | 0 |